Game of Thrones Filming Locations - Statistics

General Stats
  • This quiz has been taken 307 times
  • The average score is 6 of 8
Answers on the Map
Answers color-coded by a green-red scale on the quiz's map according to % correct below.
 
Answer Stats
Notable In-Show Locations Answer % Correct
Winterfell, Castle Black, etc. United Kingdom
98%
Bear Pit from "The Bear and the Maiden Fair" United States
95%
Some Direwolf Shots Canada
92%
Dragonstone, Oldtown, Highgarden, etc. Spain
91%
Beyond the Wall Iceland
86%
King's Landing, Qarth, Meereen, etc. Croatia
82%
Slaver's Bay, Meereen Morocco
63%
Pentos, King's Landing Malta
43%
No matching quizzes found
Score Distribution
Percent of People with Each Score
Percentile by Number Answered
Your Score History
You have not taken this quiz